El Embargo de dinero por deudas tributarias / Jordi Sopena Gil ; prólogo de Juan José Perulles Bassas
ISBN:
84-7248-152-2
Descripción Física:
229 p. ; 24 cm
Colección:
Monografías jurídicas
Otros Autores:
Perulles Bassas, Juan José, pr
MARC
| LEADER | 00000nam a2200000Ia 4500 | ||
|---|---|---|---|
| 001 | 18149 | ||
| 008 | 160829s1993 xx 000 0 cat d | ||
| 020 | |a 84-7248-152-2 | ||
| 080 | |a D-3-103 | ||
| 100 | |a Sopena Gil, Jordi |9 28987 | ||
| 245 | |a El Embargo de dinero por deudas tributarias / Jordi Sopena Gil ; prólogo de Juan José Perulles Bassas | ||
| 260 | |a Madrid : |b Marcial Pons, |c 1993 | ||
| 300 | |a 229 p. ; |c 24 cm | ||
| 490 | |a Monografías jurídicas | ||
| 590 | |a Bibliografia | ||
| 650 | |a Impostos |x Recaptació |x Espanya |9 23623 | ||
| 650 | |a Embargament |x Espanya |9 28901 | ||
| 650 | 0 | |a Dret fiscal |z Espanya |9 18737 | |
| 700 | |a Perulles Bassas, Juan José, pr. |9 28988 | ||
| 901 | |a Arxiu | ||
| 942 | |n 1 | ||
| 952 | |0 1 |1 0 |2 udc |4 0 |5 2 |6 D3103 |7 1 |9 44998 |a Arxiu |b Arxiu |d 2016-12-01 |l 0 |o D-3-103 |p 18149 |r 2016-12-01 00:00:00 |w 2016-12-01 |y ARXIU | ||
| 999 | |c 47602 |d 47602 | ||